000 00848nam a2200181 i 4500
001 68780
003 ES-MaACL
005 20230906170347.0
007 t|
008 960828s1888 sp ||||1| spa d
040 _aCAM
_bspa
_cCAM
100 1 _aGiné y Partagás, Juan (
_d1836-1903)
_957111
245 1 3 _aEl código penal y la frenopatología o sea Manera de armonizar el espíritu y el lenguaje del código penal con el estado presente de los conocimientos frenopáticos
_b: tema del programa del Congreso Médico Internacional celebrado en Barcelona en septiembre de 1888 /
_cpor Juan Giné y Partagás.
260 _aBarcelona :
_b[s.n.],
_c1888 (
_fTipo-litografía de los sucesores de N. Ramirez y Cª)
300 _a56 p. ;
_c22 cm.
711 2 _aCongreso Internacional Médico (
_d1888.
_cBarcelona)
_9474
852 _aES-MaACL
_jT-1262-F-5
999 _c68780
_d68780